Impact of Different Economic Shocks on Gold Price Development diplomová práca

Salvato in:
Dettagli Bibliografici
Autore principale: Kucbel, Dominik
Enti autori: Národohospodárska fakulta EU. Katedra bankovníctva a medzinárodných financií, University of Pavia. Department of Economics and Management
Altri autori: Kotlebová, Jana, 1969-
Natura: Libro
Lingua:inglese
Pubblicazione: Bratislava 2024
Tags: Aggiungi Tag
Nessun Tag, puoi essere il primo ad aggiungerne!!

MARC

LEADER 00000nbm a2200000 4500
001 0303184
005 20250526094506.2
041 0 |a eng 
044 |a SK 
245 1 0 |a Impact of Different Economic Shocks on Gold Price Development  |b diplomová práca  |c Dominik Kucbel ; školiteľ: Jana Kotlebová 
264 1 |a Bratislava  |c 2024 
300 |a 100 s. 
100 1 |a Kucbel, Dominik 
700 1 |a Kotlebová, Jana, 1969- 
710 2 |a Národohospodárska fakulta EU. Katedra bankovníctva a medzinárodných financií 
710 2 |a University of Pavia. Department of Economics and Management